| 000 | 00564nam a2200205Ia 4500 | ||
|---|---|---|---|
| 003 | SISC | ||
| 005 | 20170130154010.0 | ||
| 008 | 140321s9999 xx 000 0 und d | ||
| 020 | _a9789712360466 | ||
| 050 |
_aHF 5387 _b.R53 2011 |
||
| 100 | _aRoa, Floriano C. | ||
| 245 |
_aBusiness ethics and social reponsibility / _cFr. Floriano C. Roa. |
||
| 250 | _a2nd edition. | ||
| 260 |
_aManila : _bREX Book Store, _c2011. |
||
| 300 |
_a290 pages ; _c23 cm. |
||
| 500 | _aIncludes index. | ||
| 650 | _aBusiness ethics. | ||
| 942 |
_kLOC _cBK _2lcc |
||
| 999 |
_c48455 _d48455 |
||